000 00445nam a2200157Ia 4500
008 230917s9999||||xx |||||||||||||| ||und||
020 _cRS20
040 _e172181
_aMAIN
041 _aEnglish
082 _a891.432741 PM192J
100 _aपांडे, मृणाल
245 0 _aजो राम रचि राखा
260 _aदिल्ली
_bसरस्वती दिल्ली
_c1983
300 _a88 p.
942 _cHN
999 _c40548
_d40548